The disciplines of life. (Record no. 12593)

000 -LEADER
fixed length control field 00641nam a2200193 a 4500
001 - CONTROL NUMBER
control field :::00010401$&:&@@
003 - CONTROL NUMBER IDENTIFIER
control field OkBaRHE
005 - DATE AND TIME OF LATEST TRANSACTION
control field 20010405105150.0
008 - FIXED-LENGTH DATA ELEMENTS--GENERAL INFORMATION
fixed length control field s1948 j 000 0 eng u
040 ## - CATALOGING SOURCE
Transcribing agency
100 1# - MAIN ENTRY--PERSONAL NAME
Personal name Edman, V. Raymond.
245 14 - TITLE STATEMENT
Title The disciplines of life.
260 ## - PUBLICATION, DISTRIBUTION, ETC. (IMPRINT)
Place of publication, distribution, etc Minneapolis, MN., :
Name of publisher, distributor, etc World Wide Publications
Date of publication, distribution, etc c1948
300 ## - PHYSICAL DESCRIPTION
Extent 254 p. ;
Dimensions 17 cm.
650 ## - SUBJECT ADDED ENTRY--TOPICAL TERM
Topical term or geographic name as entry element Christian Life
942 ## - ADDED ENTRY ELEMENTS (KOHA)
Source of classification or shelving scheme
Koha item type Books
Copies
Permanent Location Withdrawn status Copy number Not for loan Full call number Koha item type Lost status Shelving location Damaged status Source of classification or shelving scheme Price effective from Date acquired Date last seen Barcode
RHEMA Bible Training College 1 BV 4501 .E3Books General Stacks  2010-04-142010-04-142010-04-1410401
RHEMA Bible Training College 2 BV 4501 .E3Books General Stacks  2010-04-142010-04-142010-04-1419416